Score 0/24 Timer 03:00
0 Plays Today
Hint Answer % Correct
Treasure ____Island
97%
Oliver ____Twist
97%
The Hitchhiker's ____ to the GalaxyGuide
96.9%
____ Only Live TwiceYou
96.9%
____ FarmAnimal
96.8%
____ of the FliesLord
96.7%
A Tale of Two ____Cities
96.6%
Vanity ____Fair
95.9%
Pride and ____Prejudice
95.4%
A Clockwork ____Orange
94.3%
A Room with a ____View
94%
Jane ____Eyre
92.3%
Hint Answer % Correct
____ CrusoeRobinson
92.1%
The Picture of ____ GrayDorian
89%
____ HeightsWuthering
88.8%
____ on the Orient ExpressMurder
87.9%
The ____ GardenSecret
86.4%
____ Let Me GoNever
83%
The Return of the ____King
75.3%
The ____ AmericanQuiet
69.9%
____ of DarknessHeart
69.4%
____ RevisitedBrideshead
64.5%
The Restaurant at the End of the ____Universe
63.9%
____ the ObscureJude
47.3%

Today's Daily Dose

Missing Word
I Hardly Know Her!

Word Ladder
Sentence Ending

Quick Pick
Female Firsts

Get the Picture
Triathlon Sports

Remove Ads.
Support Sporcle.
Get the best of Sporcle when you Go Orange. This ad-free experience offers more features, more stats, and more fun while also helping to support Sporcle. Thank you for becoming a member.

You're not logged in!

Compare scores with friends on all Sporcle quizzes.
OR
Log In

Show Comments

Extras

Top Quizzes Today


Score Distribution

Your Account Isn't Verified!

In order to create a playlist on Sporcle, you need to verify the email address you used during registration. Go to your Sporcle Settings to finish the process.

Report this User

Report this user for behavior that violates our Community Guidelines.

Details: